La estación troglodita de Susterris (Conca de Tremp) (Record no. 159726)

MARC details
000 -LEADER
campo de control de longitud fija 00957nam a2200217 i 4500
001 - NÚMERO DE CONTROL
campo de control 159726
003 - IDENTIFICADOR DE NÚMERO DE CONTROL
campo de control ES-MaACL
005 - FECHA Y HORA DE LA ÚLTIMA TRANSACCIÓN
campo de control 20250902110048.0
008 - DATOS DE LONGITUD FIJA--INFORMACIÓN GENERAL
campo de control de longitud fija 990104s1885 sp |||| | spa d
040 ## - FUENTE DE CATALOGACIÓN
Centro catalogador/agencia de origen CCPB | B
Lengua de catalogación spa
Centro/agencia transcriptor CCPB | B
100 1# - ENTRADA PRINCIPAL--NOMBRE DE PERSONA
Nombre de persona Mir Casases, Antonio.
9 (RLIN) 129962
245 13 - MENCIÓN DEL TÍTULO
Título La estación troglodita de Susterris (Conca de Tremp)
Resto del título : memoria leida ante la Sociedad Arqueológica Tarraconense /
Mención de responsabilidad, etc. por Antonio Mir Casases.
260 ## - PUBLICACIÓN, DISTRIBUCIÓN, ETC.
Lugar de publicación, distribución, etc. Tarragona :
Nombre del editor, distribuidor, etc. [s.n.],
Fecha de publicación, distribución, etc. 1885 (
Fabricante Imprenta de F. Arís e Hijo)
300 ## - DESCRIPCIÓN FÍSICA
Extensión 37 p. ;
Dimensiones 22 cm.
490 1# - MENCIÓN DE SERIE
Mención de serie Arqueología prehistórica
599 ## - NOTA A LAS ILUSTRACIONES
NOTA A LAS ILUSTRACIONES Precede a la port. il. del megalito de Susterris.
610 24 - PUNTO DE ACCESO ADICIONAL DE MATERIA--NOMBRE DE ENTIDAD CORPORATIVA
Nombre de entidad corporativa o nombre de jurisdicción como elemento de entrada Real Sociedad Arqueológica Tarraconense
9 (RLIN) 6639
830 0# - PUNTO DE ACCESO ADICIONAL DE SERIE-TÍTULO UNIFORME
Título uniforme Arqueología prehistórica
9 (RLIN) 221967
852 ## - LOCALIZACIÓN
Ubicación ES-MaACL
Número de control de estantería T-704-F-2
Nota libre -- Enc. hol. conservando la cub. original
-- -- Dedicatoria ms. del autor a Gustavo Saenz Diez
-- -- Enc. en un vol. facticio
Holdings
Estatus retirado Estado de pérdida Estado de daño No para préstamo Colección Biblioteca de origen Biblioteca actual Ubicación en estantería Fecha de adquisición Total de préstamos Signatura topográfica completa Código de barras Visto por última vez Precio de reemplazo Tipo de ítem Koha
        Colección de folletos Biblioteca del Ateneo de Madrid Biblioteca del Ateneo de Madrid Depósito folletos 17/01/2008   T-704-F-2 1167215 23/02/2023 23/02/2023 Folleto